Geografia de Catalunya / pròleg de Carles Pi Sunyer ; redacció general: C. A. Jordana ; col·laboracions: Ignasi Armengou ... [et al.] C. A. Jordana ; col·laboracions:
Descripción Física:
v. : il. ; 28 cm
Materias:
Catalunya -- Geografia
MARC
| LEADER | 00000nam a2200000Ia 4500 | ||
|---|---|---|---|
| 001 | 14501 | ||
| 008 | 160829s9999 xx 000 0 cat d | ||
| 080 | |a H-2-158 | ||
| 100 | |a Jordana, C. A. |9 30319 |e autor | ||
| 245 | |a Geografia de Catalunya / pròleg de Carles Pi Sunyer ; redacció general: |b C. A. Jordana ; col·laboracions: |b Ignasi Armengou ... [et al.] | ||
| 260 | |a Barcelona : |b Catalònia, [193 - ?]- | ||
| 300 | |a v. : |b il. ; |c 28 cm | ||
| 590 | |a Aquesta obra és incompleta. | ||
| 590 | |a Bibliografia. | ||
| 590 | |a Conté: v. 1: la formació i l'aspecte de Catalunya | ||
| 651 | 0 | |a Catalunya |x Geografia |9 56416 | |
| 700 | 1 | |a Pi i Sunyer, Carles, |d 1888-1971 |e autor del pròleg |9 55456 | |
| 700 | |a Armengou, Ignasi |9 30322 |e col·laborador | ||
| 866 | |a 1 | ||
| 901 | |a Arxiu | ||
| 942 | |n 1 |2 udc | ||
| 952 | |0 0 |1 0 |4 0 |6 H2158 |7 1 |9 45379 |a Arxiu |b Arxiu |d 2016-12-01 |l 0 |o H-2-158 |p 14501 |r 2016-12-01 00:00:00 |w 2016-12-01 |y ARXIU | ||
| 999 | |c 48460 |d 48460 | ||